OHL Teams in Order of Instagram Followers - Statistics

General Stats
  • This quiz has been taken 40 times
  • The average score is 11 of 20
Answer Stats
Followers Division Team % Correct
61.6k Midwest London Knights
96%
26.5k East Hamilton Bulldogs
64%
24.8k East Ottawa 67's
64%
22.4k Midwest Erie Otters
57%
22.2k Midwest Kitchener Rangers
57%
20.4k West Sarnia Sting
57%
21.8k Central Niagara IceDogs
54%
19.1k East Peterborough Petes
54%
20.1k Central Sudbury Wolves
54%
10.9k West Windsor Spitfires
54%
15.6k West Flint Firebirds
50%
15k East Kingston Frontenacs
50%
12.4k Central North Bay Battalion
50%
22.7k East Oshawa Generals
50%
13.1k Midwest Owen Sound Attack
50%
14.6k West Saginaw Spirit
50%
17.3k Central Barrie Colts
46%
19k Midwest Guelph Storm
46%
16k Central Mississauga Steelheads
43%
12.2k West Soo Greyhounds
39%
No matching quizzes found
Score Distribution
Percent of People with Each Score
Percentile by Number Answered
Your Score History
You have not taken this quiz